Los Retos de las pensiones en el mundo de la tercera edad /

Las pensiones ocupan un lugar destacado en las políticas de muchos países desarrollados y, cada vez más, en las de los países en desarrollo, debido a los retos que los cambios demográficos plantean en los sistemas de pensiones, en régimen de reparto o en régimen de capitalización. Este artículo da u...

Descrizione completa

Salvato in:
Dettagli Bibliografici
Autore principale: Turner, Adair
Natura: testo
Soggetti:
Tags: Aggiungi Tag
Nessun Tag, puoi essere il primo ad aggiungerne!!

MARC

LEADER 00000 a a2200000 04500
001 8099
003
040
100 |a Turner, Adair  
245 |a Los Retos de las pensiones en el mundo de la tercera edad /  |c Adair Turner 
520 |a Las pensiones ocupan un lugar destacado en las políticas de muchos países desarrollados y, cada vez más, en las de los países en desarrollo, debido a los retos que los cambios demográficos plantean en los sistemas de pensiones, en régimen de reparto o en régimen de capitalización. Este artículo da un vistazo a la naturaleza de dichos retos que difieren según las condiciones del país  
650 |a SISTEMAS DE PENSIONES  
650 |a PENSIONES DE JUBILACION  
650 |a CAMBIO DEMOGRAFICO  
650 |a REFORMA ECONOMICA  
773 |g volumen 43, número 3; páginas 36-39  
999 |c 22662  |d 22662